Menangkap Ikan
| Main Author: | |
|---|---|
| Format: | Book |
| Published: |
Kuala Lumpur :
Dewan Bahasa Dan Pustaka ,
1992
|
| Subjects: |
MARC
| LEADER | 00000cam a2200000 7i4500 | ||
|---|---|---|---|
| 001 | 0000007183 | ||
| 002 | 000007727 | ||
| 005 | 20000330.0 | ||
| 020 | |a 9836223533 | ||
| 090 | 0 | 0 | |a JF |b PUT |
| 100 | 0 | |a Puteh Mohamed | |
| 245 | 0 | 0 | |a Menangkap Ikan |c Puteh Mohamed |
| 260 | |a Kuala Lumpur : |b Dewan Bahasa Dan Pustaka , |c 1992 | ||
| 300 | |a 24 p. : |b ill. ; |c 18 cm. | ||
| 650 | 0 | 0 | |a Children's stories |
| 999 | |a 025738 |b BUKU |c PINJAMAN |e PERPUSTAKAAN KOMUNITI PETALING JAYA | ||